Statistiques concernant Liste des badges

Cliquez ici pour prendre le quiz!

Statistiques générales

  • Ce quiz a été pris 4 fois
  • Le résultat moyen est 5 sur 31

Statistiques - réponses

Nom du badge% Correct
USA
100%
196
67%
Cities
67%
Flag
33%
France
33%
Generalissimo
33%
Germany
33%
History
33%
Population
33%
Spain
33%
Welcome
33%
World capitals
33%
Border
0%
British
0%
China
0%
Country trivia
0%
Island
0%
Italy
0%
Language
0%
Math Wizard
0%
Movie Maven
0%
Music
0%
One minute
0%
Picture
0%
Puzzle
0%
Random geography
0%
Satellite
0%
Scientist
0%
U.S. states trivia
0%
Video games
0%
Worlds
0%

Distribution des résultats

Percentile par nombre de réponses

% des personnes avec chaque résultat

Votre développement - résultats

Vous n’avez pas pris ce quiz